000
00269 a2200121 4500
001
146384
040
_c
Escola São Tomás de Aquino
100
_a
SHELLEY, Mary
240
1
0
_a
frankenstein
_l
por
245
1
0
_a
frankenstein
697
_a
*LITERATURA JUVENIL
942
_c
BK
999
_c
146384
_d
146384